| 000 | 00367 a2200133 4500 | ||
|---|---|---|---|
| 005 | 20250505120442.0 | ||
| 020 | _a0-19-568910-0 | ||
| 082 | _a658.3 BHA | ||
| 100 | _aBHATTACHARYYA, D. K. | ||
| 245 | _aHuman Resources Research Methods. | ||
| 260 |
_aNew delhi, _bOxford University, _c2007. |
||
| 300 |
_axiv, 521p.: ill.; figure, table _bIndex. _c24cm |
||
| 942 |
_2ddc _cBKS |
||
| 999 |
_c1920 _d1920 |
||